000 00610nam a2200181 i 4500
001 142220
003 ES-MaACL
005 20230906200455.0
007 t|
008 071003m19021930it ||||1| ita d
100 1 _aWindscheid, Bernhard.
_9117069
245 1 0 _aDiritto delle Pandette /
_cBernardo Windscheid ; prima traduzione italiana... dagli avvocatti Carlo Fadda, Paolo Emilio Bensa.
260 _aTorino :
_bUnione Tipografico-Editrice,
_c1902-1930.
300 _a5 t. en 7 v. ;
_c24 cm.
700 1 _aFadda, Carlo.
_948606
700 1 _aBensa, Paolo Emilio.
_927770
852 _aES-MaACL
_jB-13077-83
999 _c142220
_d142220